000 00793nam a2200241 a 4500
001 BRL_378
005 20190320210719.0
008 050813s1923----mx-a######---#000-0#spa-#
041 _aspa
044 _amx
050 4 _aF1435.1.P2
_bL37
_c1923
100 1 _aBlom, franz Ferdinand
_d1893-1963
_923710
245 1 0 _aLas ruinas de Palenque
_bXúpa y finca encanto
_cpor Franz Blom; presentación, Roberto Garcia Moll
260 _aMéxico, D.F.
_bInstituto Nacional de de Antropología e Historia
_c1923
300 _a191 p.
_bil.
_c23 cm.
500 _aTres mapas dentro del libro
500 _aAu367
504 _aincluye bibliografía p. 187-191
651 4 _aPalenque (Chiapas)
_xAntigüedades
_923711
651 4 _aXupa (Chiapas)
_xAntigüedades
_923712
902 _aGRL
942 _2lcc
_cB
999 _c9191
_d9191